[Event "IRI-ch U16"]
[Site "Chess.com INT"]
[Date "2021.01.16"]
[Round "2"]
[White "Tavakoli, Mohammad Hosein"]
[Black "Heydari, Mohammad Matin"]
[Result "0-1"]
[WhiteElo "1270"]
[BlackElo "1657"]
[PlyCount "40"]
[EventDate "2021.01.16"]
[EventType "swiss"]
[EventRounds "11"]
[EventCountry "IRI"]
[SourceTitle "EXT 2022"]
[Source "ChessBase"]
[SourceDate "2021.10.06"]
[SourceVersion "1"]
[SourceVersionDate "2021.10.06"]
[SourceQuality "1"]

1. d4 Nf6 2. c4 e6 3. Nc3 d5 4. Bg5 Be7 5. e3 0-0 6. Nf3 b6 7. Qc2 Bb7 8. cxd5 exd5 9. Bd3 h6 10. Bxf6 Bxf6 11. 0-0 Nd7 12. b4 a6 13. a4 c5 14. bxc5 bxc5 15. Rab1 Rb8 16. Na2 Qe7 17. Rfc1 Rfc8 18. Qd1 Qd8 19. Bf5 Rc7 20. Bxd7 Qxd7 0-1